STN EN 13675+A1: 2010 (43 3500) Bezpečnosť strojov. Bezpečnostné požiadavky na zariadenia valcovní, rúrovní a úpravovní rúr (Konsolidovaný text)
Táto norma je slovenskou verziou európskej normy EN 13675: 2004+A1: 2010. Preklad zabezpečil Slovenský ústav technickej normalizácie. Má rovnaké postavenie ako majú oficiálne verzie
| Other Authors: | |
|---|---|
| Format: | Book |
| Language: | Slovak English |
| PhysicalDescription: | 52 s. tab. 30 cm |
| Published: |
Bratislava
Slovenský ústav technickej normalizácie
2010
|
| Subjects: |
MARC
| LEADER | 00000nam a2200000 a 4500 | ||
|---|---|---|---|
| 001 | vtls010130036 | ||
| 003 | SK-MaSNL | ||
| 005 | 20260302081714.0 | ||
| 008 | 160627s2010 xo k f u 000 0 slo | ||
| 015 | |a SNBN2011/01-00863 | ||
| 020 | |c (cen. skup. 15) | ||
| 040 | |a SNK |b slo |c SNK |e AACR2 | ||
| 041 | 1 | |a slo |h eng | |
| 044 | |a xo |c SK | ||
| 046 | |a s |m 201009 (účin.) | ||
| 072 | 7 | |a 621 |x Strojárstvo |2 konspekt | |
| 080 | |a 621.771 |2 2001 | ||
| 080 | |a 006.7/.8 |2 2001 | ||
| 080 | |a (437.6) |2 2001 | ||
| 080 | |a (4) |2 2001 | ||
| 080 | |a 331.45 |2 2001 | ||
| 084 | |a 77.180 |2 ICS | ||
| 130 | 0 | |a STN 43 3500 (STN EN 13675+A1) |9 747594 | |
| 245 | 1 | 0 | |a STN EN 13675+A1: 2010 (43 3500) Bezpečnosť strojov. Bezpečnostné požiadavky na zariadenia valcovní, rúrovní a úpravovní rúr (Konsolidovaný text) |c spracovateľ Michal Pivoňka |
| 246 | 1 | 0 | |a Bezpečnosť strojov |
| 246 | 1 | 0 | |a Bezpečnostné požiadavky na zariadenia valcovní, rúrovní a úpravovní rúr (Konsolidovaný text) |
| 246 | 3 | 0 | |a EN 13675: 2004+A1: 2010 E |
| 260 | |a Bratislava |b Slovenský ústav technickej normalizácie |c 2010 | ||
| 300 | |a 52 s. |b tab. |c 30 cm | ||
| 500 | |a Súbežný názov v angličtine, francúzštine, nemčine | ||
| 500 | |a Táto norma nahrádza STN EN 13675 z januára 2005 v celom rozsahu | ||
| 504 | |a Citované normy, súvisiace právne predpisy s. 2 ; literatúra s. 52 | ||
| 520 | 8 | |a Táto norma je slovenskou verziou európskej normy EN 13675: 2004+A1: 2010. Preklad zabezpečil Slovenský ústav technickej normalizácie. Má rovnaké postavenie ako majú oficiálne verzie | |
| 540 | |a STN vydané na akomkoľvek nosiči sa môžu rozmnožovať a rozširovať iba so súhlasom určenej právnickej osoby |b SÚTN Bratislava |c zákon 264/1999 Z.z. | ||
| 650 | 0 | 7 | |a valcovne |2 SVKBBPH |9 73142 |
| 650 | 0 | 7 | |a bezpečnostné požiadavky |2 SVKBBPH |9 292186 |
| 650 | 0 | 7 | |a technické normy a štandardy |z Slovensko |2 SVKBBPH |9 79594 |
| 650 | 0 | 7 | |a technické normy a štandardy |z krajiny Európskej únie |2 SVKBBPH |9 289341 |
| 655 | 7 | |a normy |2 SVKBBPH |9 70643 | |
| 700 | 1 | |a Pivoňka, Michal |4 trl |9 314614 | |
| 710 | 2 | |a Slovenský ústav technickej normalizácie (Bratislava, Slovensko) |b TK 45 Oceľ, hliník a neželezné kovy |4 stn |9 321280 | |
| 852 | |a Štátna vedecká knižnica v Banskej Bystrici | ||
| 958 | |a OP | ||
| 958 | |a NB | ||
| 999 | |c 1177429 |d 1179359 | ||
| 952 | |a SNK |b SNK |y PREZ |7 0 |p 17A0674310 |o snkSTN EN 13675+A1 |i snk2010/21246 |8 0 |0 0 |1 0 |4 0 |d 2010-10-04 |l 0 |r 2026-02-24 21:26:54 |w 2026-02-24 | ||
| 952 | |a SNK |b SNK |y PREZ |7 0 |p 17A0674309 |o snkSTN EN 13675+A1 D1 |i snk2010/21247 |8 0 |0 0 |1 0 |4 0 |d 2010-10-04 |l 0 |r 2026-02-24 21:26:54 |w 2026-02-24 | ||


